- Ruiz Oronoz, Manuel
Entry Nombre Personal
001 - NUMERO DE CONTROL
- campo de control: 44553
003 - IDENTIFICADOR DE NUMERO DE CONTROL
- campo de control: DLC
005 - FECHA Y HORA DE LA ÜLTIMA TRANSACCIÓN
- campo de control: 20220525135543.0
008 - DATOS DE LONGITUD FIJA
- campo de control de longitud fija: 220525n| acannaabn |a aaa d
010 ## - NÚMERO DE CONTROL DE LA BIBLIOTECA DEL CONGRESO
- Número de control LC: n 85816071
035 ## - NUMERO DE CONTROL
- Número de control: (OCoLC)oca01389699
040 ## - FUENTE DE CATALOGACIÓN
- Agencia original de catalogación: DLC
- Lenguaje de catalogación: spa
- Agencia de transcripción: DLC
- Agencia que lo modifica: OCoLC
- Agencia que lo modifica: MX-MxUPN
046 ## - FECHAS CON CODIFICACIÓN ESPECIAL
- Fecha de nacimiento: 1909
- Fecha de muerte: 1978
100 1# - ENCABEZAMIENTO - NOMBRE PERSONAL
- Nombre personal: Ruiz Oronoz, Manuel
372 ## - CAMPO DE ACTIVIDAD
- Field of activity: Biología
373 ## - GRUPO ASOCIADO
- Associated group: Universidad Nacional Autónoma de México. Instituto de Biología
374 ## - OCUPACIÓN
- Occupation: Profesor
375 ## - GÉNERO
- Gender: masculino
377 ## - LENGUA ASOCIADA
- Language code: spa
400 1# - VEÁSE - NOMBRE DE PERSONA
- Personal name: Ruiz, Manuel
670 ## - FUENTE EN LA QUE SE LOCALIZARON DATOS
- Cita de la fuente: Prácticas de botánica, 1963
- Información localizada: (hdg. on DNAL rept.: Ruiz Oronoz, Manuel; usage: Manuel Ruiz Oronoz)
670 ## - FUENTE EN LA QUE SE LOCALIZARON DATOS
- Cita de la fuente: Biología: tercer curso para escuelas secundarias, 1958:
- Información localizada: portada (Manuel Ruiz)
670 ## - FUENTE EN LA QUE SE LOCALIZARON DATOS
- Cita de la fuente: Biodiversidad mexicana página web, consultado 25 mayo 2022:
- Información localizada: (Manuel Ruiz Oronoz; 1909 - 1978; doctor en Ciencias biológicas otorgado por la Facultad de Ciencias de la Universidad Nacional Autónoma de México; profesor en el Instituto de Biología de la UNAM)
- Uniform Resource Identifier: https://www.biodiversidad.gob.mx/biodiversidad/curiosos/manuel-ruiz-oronoz
902 ## - CATALOGADOR
- Catalogador: VRC/250522
